000
00270nam a22001217a 4500
020
_a
0-408-00175-5
082
_a
621.03 NAY'D
100
_a
WAYLER, J.L
_9
76731
245
_a
DICTIONARY OF MECHANICAL
260
_a
LONDON
_b
NEWNESS
_c
1978
300
_a
410P
942
_c
BK
999
_c
582071
_d
582071